South Eastern Kenya University

Library Online Public Access Catalogue


The liquid metal : (Record no. 17494)

MARC details
000 -LEADER
fixed length control field 00799nam a22002657a 4500
001 - CONTROL NUMBER
control field 1724232
003 - CONTROL NUMBER IDENTIFIER
control field OSt
005 - DATE AND TIME OF LATEST TRANSACTION
control field 20190417140416.0
008 - FIXED-LENGTH DATA ELEMENTS--GENERAL INFORMATION
fixed length control field 740603s1974 dcua b 000 0 eng
010 ## - LIBRARY OF CONGRESS CONTROL NUMBER
LC control number 73019349
020 ## - INTERNATIONAL STANDARD BOOK NUMBER
International Standard Book Number 0801815320
040 ## - CATALOGING SOURCE
Original cataloging agency SEKU
050 00 - LIBRARY OF CONGRESS CALL NUMBER
Classification number TK 9203
Item number .B7 C6
082 00 - DEWEY DECIMAL CLASSIFICATION NUMBER
Classification number 621.48/34
100 1# - MAIN ENTRY--PERSONAL NAME
Personal name Cochran, Thomas B.
245 14 - TITLE STATEMENT
Title The liquid metal :
Remainder of title fast breeder reactor; an environmental and economic critique /
Statement of responsibility, etc. Thomas B. Cochran.
260 ## - PUBLICATION, DISTRIBUTION, ETC. (IMPRINT)
Place of publication, distribution, etc. [Washington] :
Name of publisher, distributor, etc. Resources for the Future, Inc. ,
Date of publication, distribution, etc. c1974.
300 ## - PHYSICAL DESCRIPTION
Extent 271 p.
Other physical details illus.
350 ## - PRICE (NR) (BK AM CF MU VM SE) [OBSOLETE]
Price $6.95
504 ## - BIBLIOGRAPHY, ETC. NOTE
Bibliography, etc Includes bibliographical references.
650 #0 - SUBJECT ADDED ENTRY--TOPICAL TERM
Topical term or geographic name as entry element Breeder reactors.
650 #0 - SUBJECT ADDED ENTRY--TOPICAL TERM
Topical term or geographic name as entry element Nuclear power plants
General subdivision Environmental aspects.
740 ## - ADDED ENTRY--UNCONTROLLED RELATED/ANALYTICAL TITLE
Uncontrolled related/analytical title Fast breeder reactor.
942 ## - ADDED ENTRY ELEMENTS (KOHA)
Source of classification or shelving scheme Library of Congress Classification
Koha item type General circulation
Holdings
Withdrawn status Lost status Source of classification or shelving scheme Damaged status Not for loan Home library Current library Shelving location Date acquired Source of acquisition Total Checkouts Full call number Barcode Date last seen Price effective from Koha item type
    Library of Congress Classification     Kitui Town Campus Library Kitui Town Campus Library General Stacks 17/04/2019 Donation   TK 9203 .B7 C6 2016/010765 17/04/2019 17/04/2019 General circulation
Kitui, Kenya.
+254736116989
library@seku.ac.ke